000 00328nam a2200133Ia 4500
005 20251222141937.0
008 251222s9999||||xx |||||||||||||| ||spa||
020 _a978-950-885-127-7
082 _a344.01/S42
100 _aServais, Jean-Michel
245 0 _aDerecho Internacional del Trabajo
264 _bHeliasta
942 _cLIB
999 _c9243
_d9243